[Event "TUR Cup"]
[Site "Antalya"]
[Date "2020.01.28"]
[Round "4"]
[White "Ikizler, Mualla Hatun"]
[Black "Caliskan, Hasan"]
[Result "1-0"]
[WhiteElo "1303"]
[BlackElo "1128"]
[PlyCount "67"]
[EventDate "2020.01.26"]
[EventType "swiss"]
[EventRounds "11"]
[EventCountry "TUR"]
[SourceTitle "CBM 194 Extra"]
[Source "ChessBase"]
[SourceDate "2020.03.31"]
[SourceVersion "1"]
[SourceVersionDate "2020.03.31"]
[SourceQuality "1"]

1. e4 e6 2. Nf3 d5 3. e5 c5 4. c3 Nc6 5. Bb5 Be7 6. 0-0 f6 7. d4 a6 8. Bxc6+ bxc6 9. Bf4 cxd4 10. cxd4 Qb6 11. b3 Bd8 12. Nc3 Ne7 13. Na4 Qb5 14. Nc3 Qb7 15. exf6 gxf6 16. Qc2 Ng6 17. Bg3 Qg7 18. Ne2 Bd7 19. Rfe1 Ba5 20. Nc3 Rc8 21. Bd6 Bc7 22. Bxc7 Rxc7 23. Na4 Nf4 24. g3 Nh3+ 25. Kg2 Ng5 26. Nxg5 fxg5 27. Qd2 Rb7 28. Nc5 Ra7 29. Nxe6 Bxe6 30. Rxe6+ Re7 31. Rxc6 Re4 32. Rd1 0-0 33. Rc5 Rxd4 34. Qxd4 1-0

[Event "TUR Cup"]
[Site "Antalya"]
[Date "2020.01.27"]
[Round "3"]
[White "Caliskan, Hasan"]
[Black "Catak, Ayhan"]
[Result "0-1"]
[WhiteElo "1128"]
[BlackElo "1359"]
[PlyCount "62"]
[EventDate "2020.01.26"]
[EventType "swiss"]
[EventRounds "11"]
[EventCountry "TUR"]
[SourceTitle "CBM 194 Extra"]
[Source "ChessBase"]
[SourceDate "2020.03.31"]
[SourceVersion "1"]
[SourceVersionDate "2020.03.31"]
[SourceQuality "1"]

1. d4 Nf6 2. Nf3 g6 3. Bg5 Bg7 4. e3 0-0 5. Bd3 d5 6. 0-0 Bg4 7. h3 Bxf3 8. Qxf3 c6 9. Nd2 Nbd7 10. c3 e5 11. e4 Qb6 12. Nb3 dxe4 13. Bxe4 Nxe4 14. Qxe4 exd4 15. cxd4 Rfe8 16. Qg4 Nf6 17. Qd1 Qb5 18. Be3 b6 19. Rc1 Nd5 20. Re1 Re6 21. Bg5 Rae8 22. Rxe6 Rxe6 23. Rc2 Nb4 24. Rc1 Qxg5 25. a3 Nd5 26. Qf3 a5 27. a4 Bf8 28. g3 Bb4 29. h4 Qe7 30. Kf1 Rf6 31. Qg2 Ne3+ 0-1